Cell biology genetics molecular biology / (Record no. 37323)

MARC details
000 -LEADER
fixed length control field 00795nam a22002177a 4500
005 - DATE AND TIME OF LATEST TRANSACTION
control field 20100723111725.0
010 ## - LCCN (DPL NO)
LC control number ENG-96535
020 ## - INTERNATIONAL STANDARD BOOK NUMBER
International Standard Book Number 8173815984
Terms of availability 295.00
035 ## - SYSTEM CONTROL NUMBER
System control number EN-80068
037 ## - SOURCE OF ACQUISITION
Source of stock number/acquisition DBAD/PUB
082 ## - DEWEY DECIMAL CLASSIFICATION NUMBER
Classification number 571.6
100 ## - MAIN ENTRY--PERSONAL NAME
Personal name Kar, Dipak Kumar
245 ## - TITLE STATEMENT
Title Cell biology genetics molecular biology /
Statement of responsibility, etc by Dipak Kumar Kar [and] Soma Halder
260 ## - PUBLICATION, DISTRIBUTION, ETC. (IMPRINT)
Place of publication, distribution, etc New Delhi
Name of publisher, distributor, etc New Central Book Agency
Date of publication, distribution, etc 2009
270 ## - ADDRESS
Address 4262/3, 1st Floor, Flat Nos. 105 & 106, Ansari Road, Daryaganj, New Delhi-110002
City New Delhi
300 ## - PHYSICAL DESCRIPTION
Extent xiv, 483p.
Dimensions 25cm (pbk)
500 ## - GENERAL NOTE
General note Includes index
700 ## - ADDED ENTRY--PERSONAL NAME
Personal name Halder, Soma
9 (RLIN) 902
942 ## - ADDED ENTRY ELEMENTS (KOHA)
Source of classification or shelving scheme Dewey Decimal Classification
Item type English Books
Call number suffix KAR
Classification part 571.6
Holdings
Withdrawn status Lost status Not for loan Collection code Home library Current library Date acquired Source of acquisition Cost, normal purchase price Full call number Barcode Copy number Cost, replacement price Koha item type
    Not For Loan Non-fiction D.B.Act.Division D.B.Act.Division 23/07/2010 DBAD/PUB 295.00 KAR EN-80068 1 295.00 English Books

© Delhi Public Library
Hit Counter
free hit counter